logo

Bir Sreshtho Munshi Abdur Rouf Library
Jhenaidah Cadet College

উদ্ভিদবিজ্ঞান / (Record no. 7356)

MARC details
000 -LEADER
fixed length control field 00623nam a2200205 a 4500
003 - CONTROL NUMBER IDENTIFIER
JCCL marc code BD-JhCC
005 - DATE AND TIME OF LATEST TRANSACTION
control field 20180212104613.0
008 - FIXED-LENGTH DATA ELEMENTS--GENERAL INFORMATION
fixed length control field 180208s1988 ii a|||| ||a| 000 0 ben d
035 ## - SYSTEM CONTROL NUMBER
system control number (BD-JhCC)
040 ## - CATALOGING SOURCE
Original cataloging agency BD-JhCC
Modifying agency BD-JhCC
041 ## - LANGUAGE CODE
Language code of Book ben
082 ## - DEWEY DECIMAL CLASSIFICATION NUMBER
Classification number 581
Author mark and Year UID 1988
245 ## - TITLE STATEMENT
Title উদ্ভিদবিজ্ঞান /
Statement of responsibility, etc দেবব্রত মিত্র...[et.all]
260 ## - PUBLICATION, DISTRIBUTION, ETC. (IMPRINT)
Place of publication, distribution, etc কলিকাতা :
Name of publisher, distributor, etc মৌলিক লাইব্রেরী,
Date of publication, distribution, etc 1988
300 ## - PHYSICAL DESCRIPTION
Pagination 932 p. :
Dimensions 24 cm.
650 ## - SUBJECT ADDED ENTRY--TOPICAL TERM
Topical term or geographic name as entry element Botany
700 ## - ADDED ENTRY--PERSONAL NAME
Personal name মিত্র, দেবব্রত
942 ## - ADDED ENTRY ELEMENTS (KOHA)
Source of classification or shelving scheme Dewey Decimal Classification
Koha item type Books
Holdings
Source of classification or shelving scheme volume number Damaged status Not for loan Home library Current library Shelving location Date of accession Total Checkouts Full call number Barcode Date last seen Copy number Koha item type
Dewey Decimal Classification V-2     JCC Rouf Library JCC Rouf Library General Stacks 02/08/2018   581 MIT 1988 8617 02/08/2018 C-1 Books

JCC Library | Contacts | JCC Home

Last Update on 23 September 2017
Copyright @ 2017-2020 JCC Rouf Library
Rouf Library, Jhenidah Cadet College (JCC), Bangladesh